000
00446nam a2200181Ia 4500
008
100917s9999 xx 000 0 und d
082
_b
31819
100
_a
भावे पु. भा.
245
_a
फुलवा
260
_b
मेनका प्रकाशन
_c
1977
300
_a
111
365
_b
10
520
_a
कथा
630
_a
फुलवा
650
_a
कथा
730
_a
फुलवा
942
_c
BOOK
999
_c
637213
_d
637210